Mr. Perfectly Fine lyrics - Statistics

General Stats
  • This quiz has been taken 211 times
  • The average score is 352 of 412
Answer Stats
Lyrics % Correct
Mr.
100%
"Perfect
100%
a
99%
fine"
99%
fine
99%
he
98%
He
98%
hear
98%
I
98%
to
98%
go
97%
"Perfectly
97%
perfectly
97%
the
97%
heart"
96%
heart
96%
heart,
96%
you
96%
you"
96%
You
96%
your
96%
and
95%
And
95%
be
95%
ever
95%
"Every
95%
in
95%
me
95%
time,"
94%
time
94%
breakin'
93%
But
93%
but
93%
Everything
93%
everything
93%
"Everything
93%
her
93%
right
93%
after
92%
away"
92%
away
92%
by
92%
"Here
92%
How's
92%
It
92%
it
92%
mine?
92%
never
92%
"Never
92%
"Always
91%
my
91%
'round
91%
stay"
91%
around
90%
at
90%
face"
90%
Hello
90%
look
90%
"Look
90%
place
90%
breaking
89%
"Casually
89%
cruel"
89%
it's
89%
It's
89%
Miss
89%
see
89%
you're
89%
You're
89%
day
88%
day,
88%
eye
88%
would
88%
all
87%
been
87%
for
87%
told
87%
was
87%
goodbye,
86%
goodbye
86%
Goodbye
86%
"I've
86%
I've
86%
revolves
86%
so
86%
So
86%
that
86%
miss
85%
when
85%
wonderful
85%
okay
84%
up
84%
get
81%
then,
81%
why"
81%
"Change
79%
just
79%
will
79%
cry"
78%
got
78%
"Misery"
78%
of
78%
alone,"
77%
baby
77%
since
77%
fall
76%
side"
76%
takes
76%
apart
75%
each
75%
guy"
75%
his
75%
"Leaves
75%
life"
75%
"Looked
75%
single
75%
"Too
75%
waiting
75%
bad
74%
I'm
74%
like
74%
had
73%
know
73%
he's
72%
"Gonna
71%
girl
70%
late"
70%
on
70%
pickin'
69%
you'll
69%
doesn't
68%
new
68%
brand
67%
'Cause
67%
name
67%
Now
67%
alright
66%
until
66%
what
66%
end,
65%
Well,
65%
well
65%
about
64%
apology
64%
someday"
64%
someday
64%
arm
63%
heard
63%
Oh,
63%
put
62%
said
62%
even
61%
through,
61%
last
60%
goes
59%
same
59%
best
58%
Forgets
58%
room
58%
shame
58%
you'd
57%
eyes
56%
past
56%
such
56%
suit
56%
anything
55%
far
55%
phased
55%
seat
55%
seat,
55%
guess
54%
"Insincere
54%
maybe
54%
above
53%
different
52%
thought
52%
dignified
51%
really
51%
wins"
49%
feeling
48%
rest,
48%
might
47%
smug,
46%
than
43%
pressed
41%
strategized,
40%
Sashay
37%
No matching quizzes found
Score Distribution
Percent of People with Each Score
Percentile by Number Answered
Your Score History
You have not taken this quiz